Deskriptívna analýza vzťahov úrovne spoplatňovania skládkovania komunálneho odpadu v Európskej únii
Identifikácia úrovne výšky poplatkov na skládkovanie komunálneho odpadu v jednotlivých krajinách Európskej únie a množstvo skládkového a zhodnocovaného komunálneho odpadu. Ich vzťah s rôznymi ekonomickými ukazovateľmi a zhodnotenie primeranosti a smerovanie vývoja výšky poplatkov na Slovensku.
Gespeichert in:
| 1. Verfasser: | |
|---|---|
| Weitere Verfasser: | |
| Format: | Buchkapitel |
| Sprache: | Slowakisch |
| Schlagworte: | |
| Tags: |
Keine Tags, Fügen Sie das erste Tag hinzu!
|
MARC
| LEADER | 00000naa a2200000 4500 | ||
|---|---|---|---|
| 001 | 0210958 | ||
| 005 | 20240502073520.2 | ||
| 041 | 0 | |a slo | |
| 044 | |a SK | ||
| 245 | 1 | 0 | |a Deskriptívna analýza vzťahov úrovne spoplatňovania skládkovania komunálneho odpadu v Európskej únii |c Michal Stričík, Monika Čonková |
| 520 | |a Identifikácia úrovne výšky poplatkov na skládkovanie komunálneho odpadu v jednotlivých krajinách Európskej únie a množstvo skládkového a zhodnocovaného komunálneho odpadu. Ich vzťah s rôznymi ekonomickými ukazovateľmi a zhodnotenie primeranosti a smerovanie vývoja výšky poplatkov na Slovensku. | ||
| 610 | 2 | 0 | |a odpad komunálny |
| 610 | 2 | 0 | |a Slovensko |
| 610 | 2 | 0 | |a Európska únia |
| 610 | 2 | 0 | |a poplatky |
| 610 | 2 | 0 | |a ukazovatele ekonomické |
| 610 | 2 | 0 | |a hospodárstvo komunálne |
| 100 | 1 | |a Stričík, Michal, 1969- | |
| 700 | 1 | |a Čonková, Monika, 1976- | |